[Event "Titled Tuesday intern op 16th Jan Late"]
[Site "Chess.com INT"]
[Date "2024.01.16"]
[Round "2"]
[White "Hakobyan, Aram"]
[Black "Ingunza Curro, Andres"]
[Result "1-0"]
[WhiteElo "2616"]
[BlackElo "2311"]
[PlyCount "75"]
[EventDate "2024.01.16"]
[EventType "swiss (blitz)"]
[EventRounds "11"]
[EventCountry "USA"]
[SourceTitle "CB04_2024"]
[SourceDate "2023.10.16"]
[SourceVersion "1"]
[SourceVersionDate "2023.10.16"]
[SourceQuality "1"]

1. d4 Nf6 2. c4 b6 3. f3 Bb7 4. e4 d6 5. Nc3 g6 6. Be3 Bg7 7. Qd2 h5 8. Bd3 c5 9. d5 Nbd7 10. Nge2 a6 11. 0-0 h4 12. h3 Kf8 13. f4 Kg8 14. Kh2 b5 15. cxb5 axb5 16. Bxb5 Ba6 17. a4 Nb6 18. Qd3 Bxb5 19. axb5 Kh7 20. Ra6 Rb8 21. Rfa1 Nh5 22. Bf2 e5 23. dxe6 Qf6 24. e5 Qxe6 25. Ne4 Bh6 26. Qxd6 Nxf4 27. Qxe6 Nxe6 28. Nd6 Bg7 29. Bxh4 Bxe5+ 30. Bg3 Bxg3+ 31. Nxg3 Rhd8 32. Nxf7 Rd2 33. Ra7 Nf4 34. Rg1 Rf8 35. Ne4 Kg7 36. Ne5+ Kh6 37. Ng4+ Kh5 38. Rh7# 1-0

[Event "ESP-ch Rapid"]
[Site "Linares"]
[Date "2023.08.19"]
[Round "2"]
[White "Garrido Piriz, Pablo"]
[Black "Ingunza Curro, Andres"]
[Result "0-1"]
[WhiteElo "2075"]
[BlackElo "2333"]
[PlyCount "34"]
[EventDate "2023.08.19"]
[EventType "swiss (rapid)"]
[EventRounds "10"]
[EventCountry "ESP"]
[SourceTitle "CBM 215 Extra"]
[Source "ChessBase"]
[SourceDate "2023.09.30"]
[SourceVersion "1"]
[SourceVersionDate "2023.09.30"]
[SourceQuality "1"]

1. e4 e5 2. Nf3 Nc6 3. d4 exd4 4. Bc4 Nf6 5. e5 d5 6. Bb5 Ne4 7. Nxd4 Bc5 8. Be3 0-0 9. Nxc6 bxc6 10. Bxc5 Nxc5 11. Bxc6 Rb8 12. Qxd5 Qe7 13. 0-0 Rxb2 14. Nc3 Rxc2 15. Qd4 Ba6 16. Nd5 Qg5 17. Rfc1 Rxc1+ 0-1

[Event "Titled Tuesday intern op 08th Aug Late"]
[Site "Chess.com INT"]
[Date "2023.08.08"]
[Round "6"]
[White "Ingunza Curro, Andres"]
[Black "Pert, Richard G"]
[Result "0-1"]
[WhiteElo "2333"]
[BlackElo "2421"]
[PlyCount "62"]
[EventDate "2023.08.08"]
[EventType "swiss (blitz)"]
[EventRounds "11"]
[EventCountry "USA"]
[SourceTitle "EXT 2024"]
[Source "ChessBase"]
[SourceDate "2023.10.10"]
[SourceVersion "1"]
[SourceVersionDate "2023.10.10"]
[SourceQuality "1"]

1. d4 Nf6 2. Nf3 c5 3. dxc5 e6 4. a3 Bxc5 5. b4 Bb6 6. e3 d5 7. Bb2 0-0 8. Nbd2 a5 9. c4 axb4 10. axb4 Rxa1 11. Qxa1 Qe7 12. c5 Bc7 13. Bd3 Nc6 14. Qa3 e5 15. b5 e4 16. bxc6 bxc6 17. Be2 exf3 18. Nxf3 Ne4 19. Bd4 Bg4 20. Qa1 Rb8 21. 0-0 Bxf3 22. Bxf3 Nd2 23. Rd1 Nxf3+ 24. gxf3 Qg5+ 25. Kf1 h5 26. Ke2 f6 27. Qa7 Rc8 28. Qb7 Qf5 29. Qxc6 Qc2+ 30. Rd2 Qxd2+ 31. Kxd2 Ba5+ 0-1

[Event "Titled Tuesday intern op 08th Aug Late"]
[Site "Chess.com INT"]
[Date "2023.08.08"]
[Round "5"]
[White "Pantev, Veselin"]
[Black "Ingunza Curro, Andres"]
[Result "1-0"]
[WhiteElo "2374"]
[BlackElo "2333"]
[PlyCount "83"]
[EventDate "2023.08.08"]
[EventType "swiss (blitz)"]
[EventRounds "11"]
[EventCountry "USA"]
[SourceTitle "EXT 2024"]
[Source "ChessBase"]
[SourceDate "2023.10.10"]
[SourceVersion "1"]
[SourceVersionDate "2023.10.10"]
[SourceQuality "1"]

1. d4 Nf6 2. Nf3 e6 3. Bf4 b6 4. e3 Bb7 5. h3 g6 6. c4 Bg7 7. Nc3 0-0 8. Be2 d6 9. Qc2 Nbd7 10. 0-0 Qe7 11. e4 e5 12. dxe5 dxe5 13. Bg5 h6 14. Nd5 Qd8 15. Be3 c6 16. Nxf6+ Qxf6 17. c5 Qe7 18. b4 a5 19. a3 b5 20. Rfd1 f5 21. Qd2 Nf6 22. exf5 gxf5 23. Bxh6 Rfd8 24. Qg5 Qf7 25. Nxe5 Qc7 26. Rd6 Ne4 27. Qxg7+ Qxg7 28. Rxd8+ Rxd8 29. Bxg7 Kxg7 30. Bf3 Kf6 31. Bxe4 Kxe5 32. Bf3 a4 33. Re1+ Kf6 34. Rd1 Rxd1+ 35. Bxd1 Ke5 36. h4 Bc8 37. Bf3 Bd7 38. h5 Kf6 39. g3 Kg5 40. Kf1 f4 41. Ke2 fxg3 42. fxg3 1-0

[Event "Titled Tuesday intern op 01st Aug Late"]
[Site "Chess.com INT"]
[Date "2023.08.01"]
[Round "5"]
[White "Ingunza Curro, Andres"]
[Black "Hajiyev, Kanan"]
[Result "0-1"]
[WhiteElo "2333"]
[BlackElo "2109"]
[PlyCount "88"]
[EventDate "2023.08.01"]
[EventType "swiss (blitz)"]
[EventRounds "11"]
[EventCountry "USA"]
[SourceTitle "EXT 2024"]
[Source "ChessBase"]
[SourceDate "2023.10.10"]
[SourceVersion "1"]
[SourceVersionDate "2023.10.10"]
[SourceQuality "1"]

1. e4 c6 2. d4 d5 3. e5 a6 4. Nf3 Bg4 5. h3 Bxf3 6. Qxf3 e6 7. c3 c5 8. dxc5 Bxc5 9. Bd3 Ne7 10. Qg4 Ng6 11. 0-0 Nc6 12. Qg3 Ncxe5 13. Bg5 Be7 14. Bxe7 Qxe7 15. Be2 Qh4 16. Qxh4 Nxh4 17. f4 Nc6 18. Nd2 0-0 19. g3 Nf5 20. Kf2 b5 21. a4 b4 22. a5 bxc3 23. bxc3 Rfc8 24. Rfb1 Nce7 25. Rb3 f6 26. Nf3 Rc5 27. Rb6 Kf7 28. Rxa6 Rxa6 29. Bxa6 Rxc3 30. Be2 Nc6 31. a6 Na7 32. Rb1 Nd6 33. Rb6 Ke7 34. Nd4 Kd7 35. Bg4 Ne4+ 36. Ke1 f5 37. Be2 Nd6 38. g4 g6 39. gxf5 gxf5 40. Bh5 Rxh3 41. Bf3 Rh4 42. Ne2 Rh3 43. Kf2 Rh2+ 44. Ke3 Nc4+ 0-1

[Event "Titled Tuesday intern op 01st Aug Late"]
[Site "Chess.com INT"]
[Date "2023.08.01"]
[Round "4"]
[White "Ingunza Curro, Andres"]
[Black "Jiang, Brandon"]
[Result "1-0"]
[WhiteElo "2333"]
[BlackElo "2087"]
[PlyCount "77"]
[EventDate "2023.08.01"]
[EventType "swiss (blitz)"]
[EventRounds "11"]
[EventCountry "USA"]
[SourceTitle "EXT 2024"]
[Source "ChessBase"]
[SourceDate "2023.10.10"]
[SourceVersion "1"]
[SourceVersionDate "2023.10.10"]
[SourceQuality "1"]

1. e4 c5 2. b3 e5 3. Bb2 Nc6 4. Bc4 d6 5. Ne2 Nf6 6. Nbc3 Be7 7. 0-0 0-0 8. d3 a6 9. a4 Be6 10. Ng3 g6 11. Bc1 Kg7 12. f4 exf4 13. Bxf4 Bxc4 14. bxc4 Qd7 15. Qd2 Nd4 16. Bh6+ Kg8 17. Bxf8 Rxf8 18. Rab1 Ng4 19. Nd5 Bd8 20. h3 Ne5 21. c3 Ne6 22. Nf5 gxf5 23. exf5 Bg5 24. fxe6 Bxd2 25. Nf6+ Kg7 26. Nxd7 Nxd7 27. exd7 Rd8 28. Rxb7 Bxc3 29. Rfb1 Kf6 30. Kf2 Ke7 31. Ra7 a5 32. Rbb7 Bg7 33. Kf3 Bc3 34. Ke4 Bb4 35. Kd5 Bc3 36. Rc7 Bd2 37. Kc6 Be1 38. Rc8 Bh4 39. Rxd8 1-0

[Event "Titled Tuesday intern op 01st Aug Late"]
[Site "Chess.com INT"]
[Date "2023.08.01"]
[Round "1"]
[White "Ingunza Curro, Andres"]
[Black "Weetik, Vjacheslav"]
[Result "0-1"]
[WhiteElo "2333"]
[BlackElo "2423"]
[PlyCount "102"]
[EventDate "2023.08.01"]
[EventType "swiss (blitz)"]
[EventRounds "11"]
[EventCountry "USA"]
[SourceTitle "EXT 2024"]
[Source "ChessBase"]
[SourceDate "2023.10.10"]
[SourceVersion "1"]
[SourceVersionDate "2023.10.10"]
[SourceQuality "1"]

1. d4 Nf6 2. Nf3 e6 3. e3 d5 4. Bd3 c5 5. 0-0 Nbd7 6. b3 Be7 7. Bb2 0-0 8. Nbd2 b6 9. Ne5 Bb7 10. Qf3 Qc7 11. Qh3 g6 12. Nxd7 Nxd7 13. c4 Bf6 14. Nf3 Bg7 15. Rac1 dxc4 16. Bxc4 Bc6 17. Ba1 Qb7 18. dxc5 Bxf3 19. Qxf3 Qxf3 20. gxf3 Bxa1 21. Rxa1 Nxc5 22. Rfd1 Rfd8 23. Kf1 Kf8 24. Ke2 Ke7 25. f4 Ne4 26. Rd3 Rxd3 27. Bxd3 Nc5 28. b4 Nxd3 29. Kxd3 Rd8+ 30. Ke2 Rc8 31. Kd3 Kd6 32. a4 a6 33. h4 e5 34. fxe5+ Kxe5 35. Rg1 b5 36. Ra1 Rc4 37. axb5 axb5 38. Ra7 Kf6 39. f4 Rxb4 40. Rb7 h5 41. Kc3 Rb1 42. Kc2 Rh1 43. Rxb5 Rxh4 44. Kd3 Rh1 45. Ke4 Rf1 46. Rb6+ Kg7 47. Rb2 f6 48. Rb7+ Kh6 49. Rb6 h4 50. Rxf6 h3 51. Rf8 Kg7 0-1

[Event "Huelva"]
[Site "Huelva"]
[Date "2023.07.21"]
[Round "9"]
[White "Ingunza Curro, Andres"]
[Black "Blanco Acevedo, Cristobal Jose"]
[Result "0-1"]
[WhiteElo "2354"]
[BlackElo "2285"]
[PlyCount "130"]
[EventDate "2023.07.17"]
[EventType "tourn"]
[EventRounds "9"]
[EventCountry "ESP"]
[EventCategory "4"]
[SourceTitle "CBM 215 Extra"]
[Source "ChessBase"]
[SourceDate "2023.09.30"]
[SourceVersion "1"]
[SourceVersionDate "2023.09.30"]
[SourceQuality "1"]

1. e4 c5 2. Nf3 Nc6 3. d4 cxd4 4. Nxd4 Nf6 5. Nc3 e5 6. Ndb5 d6 7. Bg5 a6 8. Na3 b5 9. Nd5 Be7 10. Bxf6 Bxf6 11. c4 b4 12. Nc2 a5 13. g3 0-0 14. b3 g6 15. Nxf6+ Qxf6 16. Bg2 h5 17. 0-0 h4 18. Qd3 Bb7 19. Rad1 Rad8 20. f4 hxg3 21. hxg3 Qe7 22. Qe3 f6 23. Rd2 Kg7 24. f5 g5 25. Rfd1 Qc7 26. c5 dxc5 27. Qxc5 Rxd2 28. Rxd2 Rc8 29. Kh2 Ne7 30. Qf2 Rh8+ 31. Kg1 Rd8 32. Kh2 Nc6 33. Rxd8 Nxd8 34. Qd2 Nf7 35. Qe2 Nd6 36. Qd3 Qc5 37. Qe2 Kf8 38. Ne3 Ke7 39. Ng4 Qd4 40. Nf2 Bc6 41. Qc2 Qc3 42. Qe2 Bb5 43. Qd1 Qc5 44. Ng4 Bc6 45. Qe2 Bb5 46. Qd1 Qd4 47. Qc2 Qc3 48. Qd1 Qc5 49. Qd2 Be8 50. Ne3 Bc6 51. Ng4 Nxe4 52. Qe2 Nd6 53. Qa6 Bxg2 54. Kxg2 e4 55. Qa8 Qxf5 56. Qa7+ Ke6 57. Ne3 Qf3+ 58. Kh2 Nf5 59. Qb6+ Kf7 60. Qc7+ Kg6 61. Ng2 Ne3 62. Nxe3 Qxe3 63. Qxa5 Qf2+ 64. Kh3 Qf5+ 65. Qxf5+ Kxf5 0-1

[Event "Huelva"]
[Site "Huelva"]
[Date "2023.07.18"]
[Round "4"]
[White "Prado Lobo, Jonas"]
[Black "Ingunza Curro, Andres"]
[Result "1-0"]
[WhiteElo "2359"]
[BlackElo "2354"]
[PlyCount "121"]
[EventDate "2023.07.17"]
[EventType "tourn"]
[EventRounds "9"]
[EventCountry "ESP"]
[EventCategory "4"]
[SourceTitle "CBM 215 Extra"]
[Source "ChessBase"]
[SourceDate "2023.09.30"]
[SourceVersion "1"]
[SourceVersionDate "2023.09.30"]
[SourceQuality "1"]

1. d4 Nf6 2. c4 e6 3. Nc3 d5 4. cxd5 exd5 5. Bg5 Bb4 6. e3 h6 7. Bh4 g5 8. Bg3 Ne4 9. a3 Bxc3+ 10. bxc3 h5 11. Qc2 Qe7 12. Bb5+ c6 13. Bd3 Nxg3 14. hxg3 Be6 15. Rb1 Kf8 16. Nf3 b5 17. a4 a6 18. Ne5 Kg7 19. Ke2 Nd7 20. Nxc6 Qd6 21. axb5 axb5 22. Nb4 Bg4+ 23. Kd2 Nf6 24. Qc1 Bd7 25. Ra1 Ra4 26. Bc2 Rxa1 27. Qxa1 Ng4 28. Qf1 Rh6 29. Qe2 Rf6 30. f3 Nh6 31. f4 gxf4 32. gxf4 Bg4 33. Qd3 Nf5 34. Re1 Qd7 35. Kc1 Rh6 36. e4 dxe4 37. Rxe4 Nd6 38. Re5 Nc4 39. Rg5+ Kf8 40. Bb3 Qc7 41. Qe4 Re6 42. Qa8+ Re8 43. Rg8+ Kxg8 44. Qxe8+ Kg7 45. Nd5 Qd6 46. Bxc4 bxc4 47. Qe5+ Qxe5 48. fxe5 h4 49. Ne3 Be6 50. d5 h3 51. gxh3 Bxh3 52. Nxc4 Kf8 53. Kd2 Bg2 54. Ne3 Be4 55. c4 Ke7 56. Kc3 f5 57. Kd4 Kd7 58. c5 Kc7 59. e6 Bb1 60. Ke5 Kd8 61. Nxf5 1-0

[Event "Titled Tuesday intern op 16th May Late"]
[Site "Chess.com INT"]
[Date "2023.05.16"]
[Round "6"]
[White "Wafa, Hamed"]
[Black "Ingunza Curro, Andres"]
[Result "0-1"]
[WhiteElo "2065"]
[BlackElo "2354"]
[PlyCount "114"]
[EventDate "2023.05.16"]
[EventType "swiss (blitz)"]
[EventRounds "11"]
[EventCountry "USA"]
[SourceTitle "CBM 214 Extra"]
[Source "ChessBase"]
[SourceDate "2023.07.31"]
[SourceVersion "1"]
[SourceVersionDate "2023.07.31"]
[SourceQuality "1"]

1. e4 e5 2. Nf3 Nc6 3. Bb5 a6 4. Ba4 Nf6 5. 0-0 Be7 6. d3 b5 7. Bb3 0-0 8. Nc3 d6 9. a3 Na5 10. Ba2 h6 11. b4 Nc6 12. Nd5 Nxd5 13. Bxd5 Bd7 14. c4 bxc4 15. dxc4 Rb8 16. Be3 Bf6 17. Rb1 Ne7 18. c5 Bb5 19. Re1 Nxd5 20. exd5 Kh7 21. a4 Bd7 22. c6 Bg4 23. Ng5+ Bxg5 24. Qxg4 Bxe3 25. fxe3 f5 26. Qe2 Rb6 27. Rf1 Qh4 28. e4 f4 29. b5 axb5 30. Rxb5 Rfb8 31. Rxb6 Rxb6 32. Qf2 Qd8 33. a5 Ra6 34. Ra1 Qa8 35. Qd2 Qa7+ 36. Qf2 Qa8 37. Qe2 Rxa5 38. Rb1 Qa7+ 39. Kh1 Ra2 40. Qg4 Qf2 41. h3 Qg3 42. Qf5+ Qg6 43. Qxg6+ Kxg6 44. Rb7 Re2 45. Rxc7 Rxe4 46. Rd7 Re1+ 47. Kh2 Rc1 48. Rxd6+ Kf5 49. Rd7 e4 50. Rxg7 Ke5 51. Rd7 e3 52. c7 Rc2 53. d6 f3 54. Kg3 f2 55. Rf7 Kxd6 56. Kh4 Rxc7 57. Rf3 e2 0-1

[Event "Titled Tuesday intern op 09th May Late"]
[Site "Chess.com INT"]
[Date "2023.05.09"]
[Round "11"]
[White "Ingunza Curro, Andres"]
[Black "D'Arruda, Ricardo D"]
[Result "1-0"]
[WhiteElo "2354"]
[BlackElo "2271"]
[PlyCount "69"]
[EventDate "2023.05.09"]
[EventType "swiss (blitz)"]
[EventRounds "11"]
[EventCountry "USA"]
[SourceTitle "CBM 214 Extra"]
[Source "ChessBase"]
[SourceDate "2023.07.31"]
[SourceVersion "1"]
[SourceVersionDate "2023.07.31"]
[SourceQuality "1"]

1. d4 Nf6 2. c4 e5 3. dxe5 Ne4 4. Nd2 Nc5 5. Ngf3 Nc6 6. g3 d6 7. exd6 Qxd6 8. Bg2 Be7 9. 0-0 Bf5 10. a3 0-0-0 11. b4 Qf6 12. Ra2 Ne4 13. Qb3 Nc3 14. Bb2 Nxe2+ 15. Kh1 Qg6 16. b5 Ncd4 17. Nxd4 Nxd4 18. Bxd4 Rxd4 19. Nf3 Rd3 20. Qa4 Be4 21. Qxa7 Bxf3 22. Bxf3 Rxf3 23. Qa8+ Kd7 24. Qxh8 Qe4 25. Kg1 Bf6 26. Rd2+ Rd3 27. Rfd1 Rxd2 28. Rxd2+ Bd4 29. Rd1 Ke7 30. Qc8 Qe5 31. Qxb7 Kf6 32. Qf3+ Ke7 33. Qd3 Bc5 34. Qd2 Bd6 35. Re1 1-0

[Event "Titled Tuesday intern op 09th May Late"]
[Site "Chess.com INT"]
[Date "2023.05.09"]
[Round "7"]
[White "Ingunza Curro, Andres"]
[Black "Sliwicki, Damian"]
[Result "0-1"]
[WhiteElo "2354"]
[BlackElo "2158"]
[PlyCount "32"]
[EventDate "2023.05.09"]
[EventType "swiss (blitz)"]
[EventRounds "11"]
[EventCountry "USA"]
[SourceTitle "CBM 214 Extra"]
[Source "ChessBase"]
[SourceDate "2023.07.31"]
[SourceVersion "1"]
[SourceVersionDate "2023.07.31"]
[SourceQuality "1"]

1. d4 e5 2. dxe5 Bc5 3. Nf3 d6 4. exd6 Ne7 5. e3 Bxd6 6. Be2 0-0 7. c4 Nbc6 8. Nc3 Bf5 9. 0-0 Ng6 10. b3 Nge5 11. Bb2 Qf6 12. Nd5 Nxf3+ 13. Bxf3 Qxb2 14. e4 Bg6 15. Rb1 Qe5 16. g3 Bxe4 0-1

[Event "Zahara de la Sierra 2nd"]
[Site "Zahara de la Sierra"]
[Date "2023.04.07"]
[Round "5"]
[White "Vasquez Schroder, Rodrigo Rafael"]
[Black "Ingunza Curro, Andres"]
[Result "1-0"]
[WhiteElo "2516"]
[BlackElo "2366"]
[PlyCount "149"]
[EventDate "2023.04.05"]
[EventType "tourn"]
[EventRounds "9"]
[EventCountry "ESP"]
[EventCategory "6"]
[SourceTitle "CBM 213 Extra"]
[Source "ChessBase"]
[SourceDate "2023.05.31"]
[SourceVersion "1"]
[SourceVersionDate "2023.05.31"]
[SourceQuality "1"]

1. d4 Nf6 2. Nf3 e6 3. e3 b6 4. Bd3 Bb7 5. 0-0 d5 6. b3 Bd6 7. Bb2 0-0 8. Nbd2 c5 9. c4 Ne4 10. cxd5 exd5 11. Qc2 Qe7 12. Rac1 Nd7 13. Rfe1 Rac8 14. Qb1 Ndf6 15. dxc5 bxc5 16. Bxf6 gxf6 17. Bxe4 dxe4 18. Nh4 Qe5 19. g3 Be7 20. Nc4 Qe6 21. Ng2 Rcd8 22. Nf4 Qg4 23. h3 Qf5 24. Rcd1 h5 25. h4 Qg4 26. Qc2 Kg7 27. Qe2 Qxe2 28. Nxe2 Bc8 29. Nc3 Bg4 30. Rxd8 Rxd8 31. Nxe4 Bf3 32. Ned2 Bc6 33. Kf1 Kg6 34. Ke2 Kf5 35. Rc1 Rd7 36. e4+ Ke6 37. Ne3 Bf8 38. Rc2 Rd8 39. f3 Bb5+ 40. Ndc4 a5 41. Nd5 Bd6 42. Kf2 Bxc4 43. Rxc4 f5 44. Nc3 f4 45. gxf4 Bxf4 46. Nd5 Be5 47. Ke2 Bd6 48. Ra4 f5 49. Ne3 fxe4 50. Rxe4+ Kf6 51. f4 Rg8 52. Ra4 Ra8 53. Kf3 Ra7 54. Nf1 Bb8 55. Rc4 Rc7 56. Ng3 Kg6 57. Re4 Rc6 58. Re8 Ba7 59. Rg8+ Kf7 60. Rh8 Bb6 61. Rxh5 c4 62. bxc4 Rxc4 63. Rb5 Bd8 64. h5 Rc2 65. Rb8 Bf6 66. Rb7+ Kf8 67. Ne4 Ba1 68. a4 Ra2 69. Nc5 Rc2 70. Ne6+ Kg8 71. Ng5 Rc4 72. h6 Kf8 73. f5 Rxa4 74. f6 Rb4 75. Ne6+ 1-0

[Event "ESP-chT Rapid"]
[Site "Toledo"]
[Date "2022.09.25"]
[Round "8"]
[White "Gomez Dominguez, Xabier"]
[Black "Ingunza Curro, Andres"]
[Result "0-1"]
[WhiteElo "2176"]
[BlackElo "2347"]
[PlyCount "96"]
[EventDate "2022.09.24"]
[EventType "team-swiss (rapid)"]
[EventRounds "9"]
[EventCountry "ESP"]
[SourceTitle "CBM 210 Extra"]
[Source "ChessBase"]
[SourceDate "2022.11.30"]
[SourceVersion "1"]
[SourceVersionDate "2022.11.30"]
[SourceQuality "1"]
[WhiteTeam "Circulo Ferrolano"]
[BlackTeam "Tajamar"]
[WhiteTeamCountry "ESP"]
[BlackTeamCountry "ESP"]

1. e4 e5 2. Nf3 Nc6 3. Bc4 Bc5 4. c3 Nf6 5. d3 a6 6. Bb3 Ba7 7. Nbd2 d6 8. Nf1 0-0 9. Ng3 Be6 10. 0-0 h6 11. Re1 Re8 12. Bc2 d5 13. Be3 Bxe3 14. Rxe3 dxe4 15. dxe4 Qxd1+ 16. Rxd1 Nd7 17. Ba4 b5 18. Bb3 Bxb3 19. axb3 Nb6 20. Red3 Na5 21. b4 Nac4 22. Rb1 a5 23. b3 Nd6 24. bxa5 Rxa5 25. Nd2 g6 26. f3 Ra2 27. Kf1 Nb7 28. b4 Nd6 29. Ne2 Rea8 30. Nb3 Nbc4 31. Ke1 f5 32. Nbc1 fxe4 33. fxe4 Ra1 34. Rxa1 Rxa1 35. Rd5 Nxe4 36. Rd8+ Kf7 37. Rd7+ Ke6 38. Rxc7 Kd6 39. Rg7 Nxc3 40. Rxg6+ Kd7 41. Kf2 Nd5 42. Nb3 Ra2 43. Nc5+ Ke7 44. Rg7+ Kf6 45. Rb7 Nc3 46. Nd7+ Kf5 47. Kf3 e4+ 48. Kg3 Nxe2+ 0-1

[Event "ESP-chT Rapid"]
[Site "Toledo"]
[Date "2022.09.25"]
[Round "9"]
[White "Ingunza Curro, Andres"]
[Black "Ibarra Jerez, Jose Carlos"]
[Result "0-1"]
[WhiteElo "2347"]
[BlackElo "2570"]
[PlyCount "111"]
[EventDate "2022.09.24"]
[EventType "team-swiss (rapid)"]
[EventRounds "9"]
[EventCountry "ESP"]
[SourceTitle "CBM 210 Extra"]
[Source "ChessBase"]
[SourceDate "2022.11.30"]
[SourceVersion "1"]
[SourceVersionDate "2022.11.30"]
[SourceQuality "1"]
[WhiteTeam "Tajamar"]
[BlackTeam "Costa Calida"]
[WhiteTeamCountry "ESP"]
[BlackTeamCountry "ESP"]

1. e4 Nc6 2. Nf3 d6 3. g3 Nf6 4. d3 g6 5. Bg2 Bg7 6. 0-0 0-0 7. c3 e5 8. b4 a6 9. Nbd2 d5 10. Qc2 Re8 11. Bb2 h6 12. a4 dxe4 13. dxe4 Nd7 14. b5 Na5 15. Rfd1 Qf6 16. Nf1 Nc4 17. Qb3 Nxb2 18. Qxb2 Nc5 19. Qb4 Bf8 20. Ne3 c6 21. bxc6 bxc6 22. Qc4 Be6 23. Qe2 Nxe4 24. Qc2 Nc5 25. Nd2 Rac8 26. Ne4 Nxe4 27. Qxe4 Bc5 28. Rab1 h5 29. h4 Kg7 30. Bf3 Re7 31. Rb2 a5 32. Kg2 Ree8 33. Rbd2 Rc7 34. Rb2 Bc8 35. Be2 Qe7 36. Bc4 f5 37. Qf3 Qf6 38. Rbd2 f4 39. Nf1 Bg4 40. Qe4 Bxd1 41. Rxd1 fxg3 42. f3 Bf2 43. Bd3 Rd7 44. Rb1 Rf8 45. Rb2 Qxf3+ 46. Qxf3 Rxf3 47. Kxf3 Rxd3+ 48. Kg2 Rxc3 49. Rb7+ Kf6 50. Nd2 Rc2 51. Ne4+ Kf5 52. Kf3 g2 53. Rf7+ Ke6 54. Ng5+ Kd5 55. Rd7+ Kc4 56. Kxg2 0-1

[Event "Titled Tuesday intern op 30th Aug Late"]
[Site "Chess.com INT"]
[Date "2022.08.30"]
[Round "2"]
[White "Barria Zuniga, Daniel"]
[Black "Ingunza Curro, Andres"]
[Result "1-0"]
[WhiteElo "2341"]
[BlackElo "2367"]
[PlyCount "127"]
[EventDate "2022.08.30"]
[EventType "swiss (blitz)"]
[EventRounds "11"]
[EventCountry "USA"]
[SourceTitle "EXT 2023"]
[Source "ChessBase"]
[SourceDate "2022.10.05"]
[SourceVersion "1"]
[SourceVersionDate "2022.10.05"]
[SourceQuality "1"]

1. d4 d5 2. c4 e6 3. Nf3 Nf6 4. Nc3 Be7 5. Bg5 h6 6. Bxf6 Bxf6 7. Qc2 0-0 8. 0-0-0 a6 9. e4 dxe4 10. Qxe4 Nc6 11. h4 Be7 12. Bd3 f5 13. Qe3 b5 14. cxb5 axb5 15. Bxb5 Nb4 16. Bc4 Nd5 17. Bxd5 exd5 18. Ne5 f4 19. Qe2 Bf6 20. g3 fxg3 21. fxg3 Ba6 22. Qg4 c5 23. Qe6+ Kh7 24. Qf5+ Kg8 25. Qe6+ Kh7 26. dxc5 Qc8 27. Qxc8 Raxc8 28. Rxd5 Rfe8 29. Nd7 Bxc3 30. bxc3 Bb7 31. Rhd1 Bxd5 32. Rxd5 Re3 33. Kc2 Rxg3 34. a4 Rg4 35. Kb3 Rxh4 36. a5 Rh1 37. Rd4 Rb1+ 38. Ka2 Rb5 39. Ra4 Rc7 40. a6 Rxd7 41. a7 Rxa7 42. Rxa7 Rxc5 43. Kb3 h5 44. Kb4 Rc8 45. c4 Kh6 46. c5 h4 47. Kb5 g5 48. c6 h3 49. Kb6 Kh5 50. Rh7+ Kg4 51. Kb7 Rf8 52. c7 Kg3 53. c8Q Rxc8 54. Kxc8 g4 55. Kd7 h2 56. Ke6 Kg2 57. Kf5 g3 58. Kf4 Kf2 59. Kg4 Kg2 60. Ra7 Kf1 61. Ra1+ Kg2 62. Ra2+ Kg1 63. Kxg3 h1Q 64. Ra1# 1-0

[Event "Titled Tuesday intern op 30th Aug Early"]
[Site "Chess.com INT"]
[Date "2022.08.30"]
[Round "8"]
[White "Ingunza Curro, Andres"]
[Black "Demin, Vladimir"]
[Result "0-1"]
[WhiteElo "2367"]
[BlackElo "2430"]
[PlyCount "86"]
[EventDate "2022.08.30"]
[EventType "swiss (blitz)"]
[EventRounds "11"]
[EventCountry "USA"]
[SourceTitle "EXT 2023"]
[Source "ChessBase"]
[SourceDate "2022.10.05"]
[SourceVersion "1"]
[SourceVersionDate "2022.10.05"]
[SourceQuality "1"]

1. d4 Nf6 2. Nf3 d5 3. Bf4 c5 4. e3 Nc6 5. Nbd2 Qb6 6. dxc5 Qxb2 7. Rb1 Qc3 8. Bb5 g6 9. Be5 Qxc5 10. c4 Bg7 11. 0-0 dxc4 12. Bxf6 Bxf6 13. Ne4 Qa3 14. Nxf6+ exf6 15. Qd4 Qe7 16. Qxc4 Bd7 17. Rfd1 0-0 18. Qh4 Kg7 19. Ba4 Be6 20. Qe4 Rfc8 21. Rd2 Rc7 22. Rbd1 Qa3 23. Qf4 Rac8 24. h4 h6 25. Rb1 a6 26. Bxc6 bxc6 27. Nd4 Bd5 28. e4 Bc4 29. Rc1 Bb5 30. Rdc2 c5 31. Nf3 c4 32. e5 Qe7 33. Re1 c3 34. Nd4 Ba4 35. Rcc1 Rc4 36. exf6+ Qxf6 37. Qxf6+ Kxf6 38. Nf3 c2 39. Re3 Rd8 40. Kf1 Rd1+ 41. Re1 Re4 42. g3 Rexe1+ 43. Nxe1 Rxc1 0-1

[Event "Titled Tuesday intern op 30th Aug Early"]
[Site "Chess.com INT"]
[Date "2022.08.30"]
[Round "3"]
[White "Ingunza Curro, Andres"]
[Black "Levine, David M"]
[Result "0-1"]
[WhiteElo "2367"]
[BlackElo "2068"]
[PlyCount "46"]
[EventDate "2022.08.30"]
[EventType "swiss (blitz)"]
[EventRounds "11"]
[EventCountry "USA"]
[SourceTitle "EXT 2023"]
[Source "ChessBase"]
[SourceDate "2022.10.05"]
[SourceVersion "1"]
[SourceVersionDate "2022.10.05"]
[SourceQuality "1"]

1. Nf3 Nf6 2. g3 g6 3. Bg2 Bg7 4. 0-0 0-0 5. d3 d6 6. e4 c5 7. c3 Nc6 8. Nbd2 Rb8 9. a4 a6 10. Re1 Ne8 11. Nc4 b5 12. axb5 axb5 13. Ne3 b4 14. Qc2 Nc7 15. Nc4 Nb5 16. Bd2 Be6 17. Ng5 Bxc4 18. dxc4 bxc3 19. cxb5 cxd2 20. bxc6 dxe1Q+ 21. Rxe1 e5 22. Bf1 Qxg5 23. Bc4 Rfc8 0-1

[Event "Titled Tuesday intern op 30th Aug Early"]
[Site "Chess.com INT"]
[Date "2022.08.30"]
[Round "7"]
[White "Ingunza Curro, Andres"]
[Black "Quispe Santacruz, Javier"]
[Result "1-0"]
[WhiteElo "2367"]
[BlackElo "1811"]
[PlyCount "57"]
[EventDate "2022.08.30"]
[EventType "swiss (blitz)"]
[EventRounds "11"]
[EventCountry "USA"]
[SourceTitle "EXT 2023"]
[Source "ChessBase"]
[SourceDate "2022.10.05"]
[SourceVersion "1"]
[SourceVersionDate "2022.10.05"]
[SourceQuality "1"]

1. Nf3 d5 2. b3 c6 3. Bb2 Bf5 4. g3 Nd7 5. Bg2 Ngf6 6. 0-0 e6 7. d3 Bg6 8. Nbd2 Be7 9. Qe1 0-0 10. e4 dxe4 11. dxe4 Qb6 12. Nc4 Qc7 13. Nfe5 Nxe5 14. Nxe5 Rfd8 15. a4 Rd6 16. Nxg6 hxg6 17. e5 Rd7 18. exf6 gxf6 19. h4 Kg7 20. Rd1 Rad8 21. Rxd7 Rxd7 22. Qc3 e5 23. Qe3 b6 24. h5 g5 25. Be4 Bc5 26. Qf3 Qd8 27. h6+ Kxh6 28. Qh1+ Kg7 29. Qh7+ 1-0